000
00287nam a22001337a 4500
008
171010b xxu||||| |||| 00| 0 eng d
020
_a
1023436000009
041
_a
eng
080
_2
5TH
_a
316
100
_a
50
101
_a
SOC
245
_a
SOCIOLOGY
_c
MACIONIS,J,J
942
_2
udc
_c
BK
999
_c
32880
_d
32880